000 00409nam a2200181Ia 4500
001 4924
005 20260306145830.0
008 260306t2000||||xx |||||||||||||| ||spa||
041 _aESP
082 _a331.4
_bM43
100 _a[Mercadé, Anna]
_eAUT
245 0 _aMujer emprendedora
260 _c2000
300 _a186 páginas :
_c23 cm.
650 _aGEN
654 _aCAN
942 _cLIB
_dJUS
_fJUS
_2ddc
_n
999 _c4924
_d4924